People Who Served in WWI- Sudden Death - Statistics

General Stats
  • This quiz has been taken 13 times
  • The average score is 4 of 16
Answers on the Grid
Answers color-coded by a green-red scale on the quiz's grid according to % correct below.
C.S. Lewis
J.R.R. Tolkien
Franklin D. Roosevelt
Adolf Hitler
Winston Churchill
The Red Baron
Lawrence of Arabia
Bela Lugosi
Humphrey Bogart
Ernest Hemingway
F. Scott Fitzgerald
Agatha Christie
Harry Truman
Dwight D. Eisenhower
Hideki Tojo
Amelia Earhart
Charlie Chaplin
Joseph Stalin
Peter Lorre
John F. Kennedy
Ayn Rand
Mark Twain
Mao Zedong
Albert Einstein
Henry Fonda
Clark Gable
Victor Hugo
H.P. Lovecraft
Theodore Roosevelt
Sabrina Carpenter
Charles Lindbergh
Harry Houdini
 
Answer Stats
Answer % Correct
Adolf Hitler
67%
Lawrence of Arabia
67%
Winston Churchill
50%
The Red Baron
42%
Ernest Hemingway
33%
J.R.R. Tolkien
33%
F. Scott Fitzgerald
25%
C.S. Lewis
17%
Dwight D. Eisenhower
17%
Hideki Tojo
17%
Amelia Earhart
8%
Franklin D. Roosevelt
8%
Harry Truman
8%
Humphrey Bogart
8%
Agatha Christie
0%
Bela Lugosi
0%
No matching quizzes found
Score Distribution
Percent of People with Each Score
Percentile by Number Answered
Your Score History
You have not taken this quiz